000 00279nam a2200121Ia 4500
005 20251222155101.0
008 251222s9999||||xx |||||||||||||| ||spa||
082 _aESC.88
100 _aMinisterio de Salud
245 0 _aEducación para la salud
264 _bMINSA
942 _cLIB
999 _c37673
_d37673